Vile Bodies (Record no. 36085)

MARC details
000 -LEADER
fixed length control field 00395nam a2200133Ia 4500
008 - FIXED-LENGTH DATA ELEMENTS--GENERAL INFORMATION
fixed length control field 211109s9999||||xx |||||||||||||| ||und||
082 ## - DEWEY DECIMAL CLASSIFICATION NUMBER
Classification number 823.912
Item number WAU-V
100 ## - MAIN ENTRY--PERSONAL NAME
Personal name Waugh Evelyn,
245 #0 - TITLE STATEMENT
Title Vile Bodies
260 ## - PUBLICATION, DISTRIBUTION, ETC.
Name of publisher, distributor, etc. MINERVA BOOK HOUSE
Place of publication, distribution, etc. Bombay
Date of publication, distribution, etc. 1900
630 ## - SUBJECT ADDED ENTRY--UNIFORM TITLE
General subdivision General Stack
650 ## - SUBJECT ADDED ENTRY--TOPICAL TERM
Topical term or geographic name entry element English literature
942 ## - ADDED ENTRY ELEMENTS (KOHA)
Koha item type BOOK
650 ## - SUBJECT ADDED ENTRY--TOPICAL TERM
Form subdivision English FictionEngland--LondonManners and customs
General subdivision Generalia
Holdings
Withdrawn status Lost status Damaged status Not for loan Home library Current library Date acquired Total Checkouts Full call number Barcode Shelving location Date last seen Price effective from Koha item type
        SB LIBRARY SB LIBRARY 09/11/2021   823.912 WAU-V 00037455 GENERAL STACK 09/11/2021 09/11/2021 BOOK

Powered by Koha